[Event "ROM-ch U08"]
[Site "Calimanesti"]
[Date "2015.04.04"]
[Round "7"]
[White "Revnic, Radu Andrei"]
[Black "Cosac, Toma George"]
[Result "1-0"]
[WhiteElo "1111"]
[BlackElo "1009"]
[PlyCount "49"]
[EventDate "2015.03.30"]
[EventType "swiss"]
[EventRounds "9"]
[EventCountry "ROU"]
[SourceTitle "CBM 165 Extra"]
[Source "ChessBase"]
[SourceDate "2015.04.21"]
[SourceVersion "1"]
[SourceVersionDate "2015.04.21"]
[SourceQuality "1"]

1. e4 e5 2. Nf3 Nc6 3. Bc4 Nf6 4. Ng5 d5 5. exd5 Nd4 6. Nc3 Bb4 7. a3 Ng4 8. d3 Qf6 9. 0-0 Qh6 10. Nh3 Qh5 11. axb4 0-0 12. Be3 Nf5 13. Qf3 Nfxe3 14. fxe3 Qh4 15. d6 cxd6 16. Bxf7+ Kh8 17. Ne4 Bf5 18. Neg5 Bd7 19. Qxb7 Bc8 20. Qxa8 g6 21. Ne6 Nh6 22. Nxf8 Qd8 23. Be6 Nf5 24. Qxc8 Qxc8 25. Bxc8 1-0